000 00706nam a2200265Ia 4500
001 8834
005 20240113234136.0
007 ta
008 050721s1951 a g b000 u eng u
040 _aCotton College,Assam
041 _aeng
082 _a821.09
_bT 384 C
100 _aThomson, J.A.K. .
245 0 _aClassical Influences on English Poetry /
_cJ.A.K. Thomson.
_hTextual Documents
250 _a1st ed /
260 _aLondon :
_bGeorge Allen and Unwin Ltd ,
_c1951.
300 _a303p. :
_bill. ;
_c21cm. .
504 _aIndex
653 _aEnglish poetry-Criticism
653 _aMS-English
942 _2ddc
_cBK
999 _c8821
_d8821